| 000 | 00620cam a22002052 4500 | ||
|---|---|---|---|
| 001 | 0000000202 | ||
| 005 | 20151021151040.0 | ||
| 008 | 070117s xx 000 0 eng d | ||
| 020 |
_a0072987270 : _cKES 3,450 |
||
| 040 |
_aKABU _cKABU |
||
| 245 | 1 | 0 |
_aOrganizations : _bbehaviour, structure, processes / _cJames Gibson ... [et al.] |
| 250 | _a12th ed. | ||
| 260 |
_aBoston : _bMcGraw-Hill, _c2006. |
||
| 300 | _axviii, 606 p. | ||
| 650 | 0 |
_aOrganization. _@0000148288 |
|
| 700 | 1 |
_aGibson, James L. _@0000148289 |
|
| 908 | _a070117 | ||
| 950 | _@1 | ||
| 999 |
_c71 _d71 |
||